Statistics for Coldest Countries by Average Temperature

Click here to take the quiz!

General Stats

  • This quiz has been taken 70 times
  • The average score is 16 of 20

Answer Stats

Temperature(°C)Country% Correct
-5.35°Canada
100%
-5.10°Russia
98%
1.50°Norway
97%
1.70°Finland
97%
2.10°Sweden
97%
1.75°Iceland
93%
5.10°Estonia
93%
5.60°Latvia
93%
-0.70°Mongolia
92%
6.20°Lithuania
90%
6.15°Belarus
84%
6.40°Kazakhstan
80%
5.50°Switzerland
72%
6.35°Austria
70%
2.00°Tajikistan
64%
5.70°North Korea
61%
1.55°Kyrgyzstan
61%
5.80°Georgia
52%
5.65°Liechtenstein
52%
6.80°Slovakia
44%

Score Distribution

Percentile by Number Answered

Percent of People with Each Score

Your Score History

You have not taken this quiz